Planet Earth : guide to the planet / (Record no. 114949)
[ view plain ]
| 000 -LEADER | |
|---|---|
| fixed length control field | 00673nam a2200157 a 4500 |
| 005 - DATE AND TIME OF LATEST TRANSACTION | |
| control field | 20140414132117.0 |
| 008 - FIXED-LENGTH DATA ELEMENTS--GENERAL INFORMATION | |
| fixed length control field | 111026s19uu xx 00 eng d |
| 020 ## - INTERNATIONAL STANDARD BOOK NUMBER | |
| International Standard Book Number | 9780545103565 |
| 050 ## - LIBRARY OF CONGRESS CALL NUMBER | |
| Classification number | M 550 |
| Item number | M96 2006 |
| 100 ## - MAIN ENTRY--PERSONAL NAME | |
| Personal name | Murrie, Matthew. |
| 245 ## - TITLE STATEMENT | |
| Title | Planet Earth : guide to the planet / |
| Statement of responsibility, etc | by Matthew Murrie and Steve Murrie. |
| 260 ## - PUBLICATION, DISTRIBUTION, ETC. (IMPRINT) | |
| Place of publication, distribution, etc | New York : |
| Name of publisher, distributor, etc | Scholastic Inc., |
| Date of publication, distribution, etc | 2009. |
| 520 ## - SUMMARY, ETC. | |
| Summary, etc | Intro -- The whole Earth -- Frozen poles -- The great forests -- The great plains -- The great sands -- Mountain heights -- Caves -- Fresh water -- Rainforests -- Shallow seas -- Open ocean -- Our world, our home. |
| 650 ## - SUBJECT ADDED ENTRY--TOPICAL TERM | |
| Topical term or geographic name as entry element | Earth --Juvenile literature. |
| Withdrawn status | Lost status | Damaged status | Use restrictions | Home library | Current library | Shelving location | Date acquired | Source of acquisition | Cost, normal purchase price | Total Checkouts | Full call number | Barcode | Date last seen | Price effective from | Koha item type |
|---|---|---|---|---|---|---|---|---|---|---|---|---|---|---|---|
| Munich Library | Munich Library | Main Section | 10/26/2011 | 320.00 | M 550 M96 2006 | M6891 | 04/14/2014 | 04/14/2014 | Books |